| 000 | 01185nam a22002777a 4500 | ||
|---|---|---|---|
| 001 | 8101 | ||
| 003 | FISKH | ||
| 005 | 20260323122217.0 | ||
| 008 | 250825b cb ||||| |||| 00| 0 eng d | ||
| 040 |
_aFISKH _bkhr _cFISKH _dFISKH |
||
| 050 | _aPZ7 | ||
| 082 | _a398.2 | ||
| 100 | _aMinistry of Education, Youth and Sport | ||
| 245 |
_aថ្ងៃរីករាយ / _cក្រសួងអប់រំយុវជន និងកីឡា |
||
| 260 |
_aភ្នំពេញ : _bក្រសួងអប់រំយុវជន និងកីឡា, |
||
| 300 |
_a16 pages : _bcolor illustrations ; _c25 cm . |
||
| 505 | _aJ | ||
| 520 | _aម៉ែបាននាំកូនៗទាំងបួនទៅផ្សារដើម្បីទិញសំលៀកបំពាក់ថ្មី សម្រាប់ថ្ងៃបុណ្យចូលឆ្នាំ។ | ||
| 520 | _aMother took all four of her children to the market to buy new clothes for Khmer New Year . | ||
| 521 | 8 |
_a500
_bLexile estimate |
|
| 521 | 8 |
_aJ
_bRaz-Plus |
|
| 650 | _aថ្ងៃរីករាយ | ||
| 650 | _aHappy Day | ||
| 942 |
_2ddc _cBK _n0 |
||
| 999 |
_c8101 _d8101 |
||